|
|
|
|
| LEADER |
00000nab a2200000ua 4500 |
| 001 |
vtls010776055 |
| 003 |
SK-MaSNL |
| 005 |
20260426061224.0 |
| 008 |
230222s1976 xo |||||||||||||||||slo| |
| 035 |
|
|
|a (urnnbn)urn:nbn:sk:snk:ar-a00799
|
| 035 |
|
|
|a (uuid)15651466-a9b0-4a7a-aef2-1f469edb396d
|
| 035 |
|
|
|a urn:nbn:sk:snk-ab45j7
|
| 040 |
|
|
|a SNKBUCL
|b slo
|c SNKBUCL
|e AACR2
|
| 041 |
0 |
|
|a slo
|
| 044 |
|
|
|a xo
|c SK
|
| 100 |
1 |
|
|a Ambruš, Ján,
|d 1899-1994
|4 aut
|9 38365
|
| 245 |
1 |
0 |
|a Nebývalé možnosti v učňovskom školstve
|c Jozef Ambruš
|
| 650 |
0 |
7 |
|a stredné odborné učilištia
|2 SNKPH
|9 30904
|
| 650 |
0 |
7 |
|a robotníci
|2 SNKPH
|9 4872
|
| 650 |
0 |
7 |
|a školstvo
|2 SNKPH
|9 19712
|
| 650 |
0 |
7 |
|a vzdelávanie
|2 SNKPH
|9 4033
|
| 773 |
0 |
|
|t Rodina a škola
|g Roč. 23, č. 8 (1976), s. 18-20
|
| 954 |
|
|
|a odborná, vedecká literatúra pôvodná (slovenská)
|2 lita
|
| 958 |
|
|
|a OND
|
| 958 |
|
|
|a EUIPO
|
| 958 |
|
|
|a article3
|
| 999 |
|
|
|c 2253521
|d 2255451
|